000 00610nam a2200181Ia 4500
008 151202s9999||||xx |||||||||||||| ||und||
082 _bPNVM-68854
100 _aचांदोरकर स्वाती.
245 _aयुथनेशिया.
260 _b"मेहता पब्लिशिंग हाऊस, पुणे."
260 _c68854
300 _a225
600 _aचांदोरकर स्वाती.
630 _aयुथनेशिया.
700 _aचांदोरकर स्वाती.
730 _aयुथनेशिया.
942 _cBOOK
999 _c1335364
_d1335361